| 000 | 00507nam a22002057a 4500 | ||
|---|---|---|---|
| 005 | 20260530114455.0 | ||
| 008 | 260529b |||||||| |||| 00| 0 eng d | ||
| 020 |
_a9789373597164 _c849.00 |
||
| 040 | _aMAIN | ||
| 041 | _aEnglish | ||
| 082 |
_a820.076 _bRIZ |
||
| 100 |
_aRizvi, Anamta _926934 |
||
| 110 |
_aRIZ _926935 |
||
| 245 | _aNTA UGC NET /SET /JRF /Ph.D. English Paper 2 | ||
| 250 | _a2nd | ||
| 260 |
_aNoida _bS. Chand _c2026 |
||
| 300 | _a508 | ||
| 650 | _aCompetitive Books | ||
| 942 | _cBK | ||
| 999 |
_c60915 _d60915 |
||